Statistics for Hulk Hogan Quiz

Click here to take the quiz!

General Stats

  • This quiz has been taken 9 times
  • The average score is 7 of 16

Answer Stats

QuestionAnswer% Correct
Hulk Hogan did an advert in Japan?True
100%
Hulk Hogan Won The IC Title At Least Once?False
86%
Mega Powers Won The WWF/E Tag Team Titles At Least Once?False
71%
How many Wrestlemania's Did Hulk Hogan Wrestle At?11
57%
Which Of These Is Not A Hulk Hogan Movie?Tooth Fairy
57%
Who was the first wrestler to beat Hulk Hogan by submission?Antonio Inoki
43%
Which Of These Japanese Wrestlers Did Hulk Hogan Never Wrestle in a one-on-one match?Kenta Kobashi
43%
What was Hogan's Last Match In WWE To Date?Randy Orton
43%
Which of these wrestlers didn't pin Hulk Hogan during his Original Hulkamania Run?Randy Savage
43%
Who was Hogan's first opponent after returning to WWE in 2002?Rikishi
29%
Which Wrestler Did Hulk Hogan not wrestle in a singles match in his 2002 run?Test
29%
What Year Did Hulk Hogan Win The IWGP Title?1983
14%
How many times did Lex Luger defeat Hollywood Hogan in 1997?3
14%
How Many Times Did Hulk Hogan Face Sting in an one on one match on PPV?4
14%
What Date Did Hulk Hogan bring back Hulkamania in WCW?August 9th 1999
14%
What is the date of Hulk Hogan Winning His First WWF/E Championship From The Iron Sheik?January 23rd 1984
14%

Score Distribution

Percentile by Number Answered

Percent of People with Each Score

Your Score History

You have not taken this quiz